Normal view
MARC view
Entry Topical Term
001 - CONTROL NUMBER
- control field: 19166
003 - CONTROL NUMBER IDENTIFIER
- control field: ARRUPE
005 - DATE AND TIME OF LATEST TRANSACTION
- control field: 20150828111658.0
008 - FIXED-LENGTH DATA ELEMENTS
- fixed length control field: 150828|| aca||aabn | a|a d
040 ## - CATALOGING SOURCE
- Original cataloging agency: ARRUPE
- Transcribing agency: ARRUPE
150 ## - HEADING--TOPICAL TERM
- Topical term or geographic name as entry element: Thirty Years' War, 1618-1648.
670 ## - SOURCE DATA FOUND
- Source citation: Work cat.: (ARRUPE)0: Limm, Peter. 19164, The Thirty Years War /, 1984.